zpět

Detail výsledku týmu

AC klub, Hradec Králové

Datum a čas kvízu

26.5 Celkem bodů Celkový počet nahraných bodů na tomto kvízu bez doplňovacích otázek.
7. Pořadí na kvízu Konečné umístění týmu na tomto kvízu.

Zaznamenané odpovědi

# Otázka Odpověď Body Výsledky
1. Komunální volby mají mnohdy ku... 0
2. Někteří světoví státníci letos... 0
3. Slovenským potápěčům se podaři... 1
4. O tom, že se podnikatel a vizi... 0
5. Dva góly a dvě typická oslavná... 0
6. Ukrajina patří mezi největší z... 0
7. Hlavním a největším městem Ukr... 1
8. Který z těchto mužů v současné... 0
9. Mezi nejtypičtější ukrajinské... 1
10. Ukrajina drží jeden zajímavý s... 0